01633nam a22002177a 4500003000400000020001800004082001300022100001500035245002300050260003000073300000800103650001700111653046100128942001600589952016100605952016100766952016100927952015601088952015601244999001501400SGT  a9788131732212  a519, RAM  aRAM,  BABU  aNUMERICAL METHODS   aNEW DELHIbPEARSON c2010  a447  aMATHEMATICS   aPRELIMINARIES 1 	 NONLINEAR EQUATIONS 11 	 EIGENVALUES 85 	 FINITE DIFFERENCES	122 	 CURVE FITTING	213 	 NUMERICAL DIFFERENTIATION	228 	 NUMERICAL QUADRATURE	252 	 DIFFERENCE EQUATIONS	288 	 PARTIAL DIFFERENTIAL	363 	 ELEMENTS OF C LANGUAGE	412 	 APPENDIX	A-1 	 MODEL PAPER 1	A-11 	 MODEL PAPER 3 A18	A-18 	 MODEL PAPER 4 A28	A-28 	 MODEL PAPER 5 A38	A-38 	 BIBLIOGRAPHY	A-53 	   ORDINARY DIFFERENTIAL	301 	 9	357 	 COPYRIGHT  	   OTHER EDITIONS - VIEW ALL  2ddccFPS03  00102ddc40708FSaSSSLbSSSLcTXTd2016-06-28eKIRTI PRKASHAN g450.00iSGTUl4o519, RAMpPS1205r2024-03-21 00:00:00s2024-03-15w2015-10-19yFPSk3151  00102ddc40708FSaSSSLbSSSLcTXTd2016-06-28eKIRTI PRKASHAN g450.00iSGTUl3o519, RAMpPS1206r2021-01-25 00:00:00s2021-01-15w2015-10-19yFPSk3151  00102ddc40708FSaSSSLbSSSLcTXTd2016-06-28eKIRTI PRKASHAN g450.00iSGTUl1o519, RAMpPS1207r2019-04-26 00:00:00s2018-11-19w2015-10-19yFPSk3151  00102ddc40708FSaSSSLbSSSLcTXTd2016-09-03eAHUJA BOOKg469.00iSGTUl6o519, RAMpPS2374r2021-12-15 00:00:00s2021-12-06w2016-08-16yFPSk7161  00102ddc40708FSaSSSLbSSSLcTXTd2016-09-03eAHUJA BOOKg469.00iSGTUl4o519, RAMpPS2375r2021-11-09 00:00:00s2021-11-09w2016-08-16yFPSk7161  c9280d9280